| 000 | 00471nam a2200157 4500 | ||
|---|---|---|---|
| 999 |
_c512971 _d512971 |
||
| 008 | 200107b ||||| |||| 00| 0 eng d | ||
| 100 |
_aGulzar, Arif _915159 |
||
| 245 | _aAnalysing the economic impact of tourism in Kashmir | ||
| 260 | _bWorld Affairs | ||
| 300 | _a23(3), Jul-Sep, 2019: p.108-117. | ||
| 700 |
_aKhan, Tanveer Ahmad _915160 |
||
| 700 |
_aHamid, Wasia _915161 |
||
| 773 | _aWorld Affairs | ||
| 906 | _aTourism - India - Kashmir | ||
| 942 |
_2ddc _cAR |
||